REPRODUCTIVE SYSTEM IN FISHES (Record no. 216085)

MARC details
000 -LEADER
fixed length control field 00430nam a22001577a 4500
008 - FIXED-LENGTH DATA ELEMENTS--GENERAL INFORMATION
fixed length control field 250915b |||||||| |||| 00| 0 eng d
020 ## - INTERNATIONAL STANDARD BOOK NUMBER
International Standard Book Number 979-8-88715-062-8
100 ## - MAIN ENTRY--PERSONAL NAME
Personal name BLING, SARAH
245 ## - TITLE STATEMENT
Title REPRODUCTIVE SYSTEM IN FISHES
260 ## - PUBLICATION, DISTRIBUTION, ETC.
Place of publication, distribution, etc. DUBLIN
Name of publisher, distributor, etc. ORYSON PRESS
Date of publication, distribution, etc. 2023
300 ## - PHYSICAL DESCRIPTION
Extent VI, 255P.
500 ## - GENERAL NOTE
General note INCLUDES INDEX
650 ## - SUBJECT ADDED ENTRY
Topical term or geographic name entry element 1.FISHES REPRODUCTION 2. FISH PHYSIOLOGY
942 ## - ADDED ENTRY ELEMENTS (KOHA)
Source of classification or shelving scheme Library of Congress Classification
Koha item type Long Loan Book
Holdings
Withdrawn status Lost status Source of classification or shelving scheme Damaged status Not for loan Home library Current library Date acquired Inventory number Total checkouts Full call number Barcode Date last seen Copy number Price effective from Koha item type
    Library of Congress Classification     Kisii University Library Kisii University Library 09/15/2025 109521   QL 639. B55 2023 000000021261 09/15/2025 1 09/15/2025 Long Loan Book
    Library of Congress Classification     Kisii University Library Kisii University Library 09/15/2025 109522   QL 639. B55 2023 000000021262 09/15/2025 2 09/15/2025 Long Loan Book
    Library of Congress Classification     Kisii University Library Kisii University Library 09/15/2025 109523   QL 639. B55 2023 000000021263 09/15/2025 3 09/15/2025 Long Loan Book
    Library of Congress Classification     Kisii University Library Kisii University Library 09/15/2025 109524   QL 639. B55 2023 000000023844 09/15/2025 4 09/15/2025 Long Loan Book